000
00308nam a2200133Ia 4500
005
20251222142012.0
008
251222s9999||||xx |||||||||||||| ||spa||
020
_a
997272805
082
_a
709.85/M98
245
0
_a
El Arte en el PerĂº
250
_a
1ra.ed.
264
_b
Museo de Arte de Lima
942
_c
LIB
999
_c
10369
_d
10369